00817cam a22002533a 450000100060000000300060000600500170001200800410002904000150007004200070008505000070009224500510009926000290015050600730017951600200025265300510027265300280032365300330035165300200038465300350040470000530043983000290049285600420052119236PGUSA20140828083416.0060912s2006||||xxu|||||s|||||000 | eng d aPGUSAbeng adc 4aBP10aJapan Will Turn Ablaze!h[electronic resource] bProject Gutenberg,c2006 aCopyrighted. Read the copyright notice inside this book for details. aElectronic text aAlexander, Agnes B. (Agnes Baldwin), 1875-1970 aBahais -- United States aYamamoto, Kanichi, 1879-1961 aBahais -- Japan aAugur, George Jacob, 1853-19271 aSims, Barbara R.q(Barbara Rutledge),d1918-2002 0aProject Gutenbergv1923640uhttp://www.gutenberg.org/ebooks/19236